| 000 | 00623nam a22001457a 4500 | ||
|---|---|---|---|
| 020 | _a978-93-85992-18-6 | ||
| 082 |
_a894.812.3 _bKAT/A |
||
| 100 | _aKATTIKAD, BOBBY JOSE | ||
| 245 | _aAVAL | ||
| 260 |
_aKOTTAYAM _bINDULEKHA PUSTHAKAM _c2017 |
||
| 300 | _a179 | ||
| 520 | _aAval, the book of women penned by Bobby Jose Kattikadu, is a collection of essays that describes what it means to be a woman and explores the feminine aspect of human beings. It delves into the mystique that is a woman. It has illustrations by Zu. Aval is edited with a foreword by Tom J Mangatt. | ||
| 650 |
_aMALAYALAM ESSAYS _zKERALA |
||
| 942 | _cBK | ||
| 999 |
_c7916 _d7916 |
||